Science Quiz

Random Science or Biology Quiz
Score 0/20 Timer 04:00
4 Plays Today
% Correct
Hummingbird
95.9%
Gorilla
94.7%
Dolphin
93.1%
Deer
91.7%
Squirrel
91.5%
Alligator
91.2%
Rabbit
91%
Cobra
90.9%
Humpback Whale
90.5%
Koala
90.2%
% Correct
Lobster
90.1%
Sea Turtle
89.7%
Snail
88.5%
Sea Lion
87.6%
Kangaroo
87.5%
Hedgehog
85.4%
Porcupine
83.2%
Bison
82.5%
Penguin
82.3%
Vulture
81.5%
Remove Ads.
Support Sporcle.
Get the best of Sporcle when you Go Orange. This ad-free experience offers more features, more stats, and more fun while also helping to support Sporcle. Thank you for becoming a member.

You're not logged in!

Compare scores with friends on all Sporcle quizzes.
OR
Log In

Sporcle TV

Today on Sporcle TV


Watch our educational content, quiz creation guides, and fun videos on Sporcle TV.

Show Comments

Extras

Top Quizzes Today


Score Distribution

Paid Content

Your Account Isn't Verified!

In order to create a playlist on Sporcle, you need to verify the email address you used during registration. Go to your Sporcle Settings to finish the process.

Report this User

Report this user for behavior that violates our Community Guidelines.

Details: